Statistics for Dallas Mavericks NBA Finals Starters

Click here to take the quiz!

General Stats

  • This quiz has been taken 252 times
  • The average score is 5 of 9

Answer Stats

FinalsPlayers% Correct
2006, 2011Dirk Nowitzki
100%
2011Jason Kidd
96%
2011Tyson Chandler
84%
2006Jason Terry
82%
2011Shawn Marion
75%
2011DeShawn Stevenson
31%
2006Josh Howard
27%
2006Devin Harris
24%
2006DeSagana Diop
17%

Score Distribution

Percentile by Number Answered

Percent of People with Each Score

Your Score History

You have not taken this quiz